| 000 | 01199cam a22003255a 4500 | ||
|---|---|---|---|
| 001 | 19012267 | ||
| 005 | 20160728130200.0 | ||
| 008 | 160311t2015 enk fr 001 0 eng d | ||
| 010 | _a 2016295202 | ||
| 015 |
_aGBB231953 _2bnb |
||
| 020 | _a9781849463430 (pbk.) | ||
| 020 | _a1849463433 (pbk.) | ||
| 035 | _a(OCoLC)ocn921525798 | ||
| 040 |
_aNLE _beng _cNLE _dOCLCO _dYDXCP _dRCJ _dOCLCF _dCDX _dUAB _dOCLCQ _dDLC _dEG-ScBUE |
||
| 043 |
_ae------ _ae-uk--- |
||
| 082 | 0 | 4 |
_a340.9094 _bSTA _222 |
| 245 | 0 | 0 |
_aStatutes on the conflict of laws / _cedited by Martin George and Andrew Dickinson. |
| 260 |
_aOxford : _bHart Publishing Ltd / Bloomsbury Publishing, _cc.2015. |
||
| 300 |
_axi, 756 p. ; _c24 cm |
||
| 500 | _a"Bloomsbury"--Cover. | ||
| 500 | _aIndex : p. 755-756. | ||
| 505 | 0 | _aEuropean Union materials -- United Kingdom statutes -- United Kingdom instruments -- Rules of procedure. | |
| 650 | 0 |
_aConflict of laws _zEuropean Union countries. _2BUEsh |
|
| 650 | 0 |
_aConflict of laws _zGreat Britain. _2BUEsh |
|
| 651 | _2BUEsh | ||
| 653 |
_bLLAAWW _cJuly2016 |
||
| 700 | 1 |
_aGeorge, Martin _c(Law teacher) _eeditor. _940515 |
|
| 700 | 1 |
_aDickinson, Andrew. _eeditor. _940516 |
|
| 942 | _2ddc | ||
| 999 |
_c22061 _d22033 |
||